000 00571nam a2200181 i 4500
001 110544
003 ES-MaACL
005 20230906185059.0
007 t|
008 070131q1883 fr |||| | fre d
080 _a821.133.1-31"19"
100 1 _aColombier, Marie.
_939823
245 1 4 _aLes mémoires de Sarah Barnum /
_cMarie Colombier ; avec une préface par Paul Bonnetain.
260 _aParis :
_b[s.n.,
_c1883?]
300 _aXV, 333 p. ;
_c19 cm.
700 1 _aBonnetain, Paul.
_930272
852 _aES-MaACL
_jE-11564
_z. - Biblioteca Jacinto Martínez Lacalle
999 _c110544
_d110544